| 000 | 01274cam a22003497a 4500 | ||
|---|---|---|---|
| 999 |
_c24412 _d24412 |
||
| 001 | 14549924 | ||
| 003 | OSt | ||
| 005 | 20170128122328.0 | ||
| 008 | 060913r20061998ilua c b 001 0 eng d | ||
| 010 | _a 2006282732 | ||
| 020 | _a1403487677 (hbk.) | ||
| 020 | _a1403487758 (pbk.) | ||
| 035 | _a(OCoLC)ocm70821788 | ||
| 040 |
_aOWL _cOWL _dDLC |
||
| 042 | _alccopycat | ||
| 050 | 0 | 0 | _aN5760 H63 1997 |
| 100 | 1 |
_aHodge, Susie, _d1997 |
|
| 245 | 1 | 0 |
_aAncient Roman art / _cSusie Hodge. |
| 246 | 3 | 0 | _aRoman art |
| 250 | _aRev. and updated | ||
| 260 |
_aDes Plaines, Ill. : _bHeinemann Interactive Library, _c1997. |
||
| 300 |
_a32 p. : _bcol. ill. ; _c28 cm. |
||
| 490 | 1 | _aArt in history | |
| 500 | _aIncludes bibliographical references and index. | ||
| 520 | _aExamines the art of ancient Rome, including painting, mosaic, sculpture, and architecture. | ||
| 600 | _2Art | ||
| 650 | 0 |
_aArt, Roman _vJuvenile literature. |
|
| 650 | 1 | _aArt, Roman. | |
| 650 | 1 | _aArt, Ancient. | |
| 800 | 1 |
_aHodge, Susie, _d1960- _tArt in history. |
|
| 906 |
_a7 _bcbc _ccopycat _d2 _encip _f20 _gy-gencatlg |
||
| 942 |
_2lcc _cBOOKS _hN5760 H63 1997 _k32095 |
||